000 00836nam a2200229 a 4500
001 000010952
005 20240412074221.0
008 091013s1990 dr 000 p spa d
040 _aDO-SdBNP
_bspa
_cBNPHU
082 _aRD861.44
_bP579pa
100 1 _aPiña, Jorge,
_d1959 -
_924936
245 1 3 _aLa pasión de los sueños /
_cJorge Piña; prólogo Henri Meschonnic.
260 _aSanto Domingo :
_bHermeneias del Psicoanálisis,
_c1990.
300 _a59 p. ;
_c21 cm.
500 _aIncluye datos biográficos del autor en la solapa de la cubierta
500 _aIncluye referencias bibliográficas al pie de las páginas
590 _aInventariado, 2019/LP
650 0 _aPoesía dominicana
_966
650 0 _aLiteratura dominicana.
_967
700 1 2 _aMeschonnic, Henri
_epról.
_926361
910 _aValidado. Control de calidad MFF
999 _c10690
_d10690